| 000 | 01041 a2200301 4500 | ||
|---|---|---|---|
| 999 |
_c200128619 _d32387 |
||
| 001 | 200128619 | ||
| 003 | TR-AnTOB | ||
| 005 | 20241011135221.0 | ||
| 008 | 130403s2002 tu 000 0 | ||
| 040 |
_aTR-AnTOB _cTR-AnTOB |
||
| 041 | _atur | ||
| 050 | 0 |
_aHC491 _b.E31 2002 |
|
| 090 | _aHC491 .E31 2002 | ||
| 110 | 2 |
_aTürkiye Odalar ve Borsalar Birliği _918 |
|
| 245 | 1 | 0 |
_aEkonomik Rapor 2001 / _cTürkiye Odalar ve Borsalar Birliği. |
| 264 | 1 |
_aAnkara: _bTürkiye Odalar ve Borsalar Birliği, _c2002 |
|
| 300 |
_a168 p.; _c27 cm. |
||
| 336 |
_2rdacontent _atext _btxt |
||
| 337 |
_2rdamedia _aunmediated _bn |
||
| 338 |
_2rdacarrier _avolume _bnc |
||
| 490 | 0 |
_aTOBB Yayınları ; _v362 _aİM/BYM ; _v9 |
|
| 650 | 0 |
_aEconomic indicators _zTurkey _vPeriodicals _931191 |
|
| 650 | 0 |
_aEkonomik göstergeler _zTürkiye _vİstatistikler _986884 |
|
| 651 | 0 |
_aTürkiye _xEkonomik durum _yOsmanlı İmparatorluğu _y16. yüzyıl _96385 |
|
| 651 | 0 |
_aTurkey _xEconomic conditions _y1960- _917 |
|
| 942 |
_cBK _2lcc |
||